| 000 | 00765nam a2200229 a 4500 | ||
|---|---|---|---|
| 001 | 000021756 | ||
| 005 | 20200930011434.0 | ||
| 008 | 100910s1972 sp r 000 | spa d | ||
| 040 |
_aDO-SdBNP _bspa _cBNPHU |
||
| 082 |
_a304.6046 _bC198a |
||
| 100 | 1 |
_aCampo Urbano, Salustiano Del _945207 |
|
| 245 | 1 | 0 |
_aAnálisis de la población de España / _cSalustiano del Campo Urbano. |
| 260 |
_aBarcelona, (España) : _bEdiciones Ariel, _c1972. |
||
| 300 |
_a192 p. : _bil. ; _c18 cm. |
||
| 490 | 1 |
_aAriel _v79 |
|
| 500 | _aIncluye índice de cuadros, mapas y gráficos | ||
| 651 | 4 |
_aEspaña _xPoblación _xEstadísticas _945208 |
|
| 651 | 4 |
_aEspaña _xPoblación _945209 |
|
| 651 | 4 |
_aEspaña _xCondiciones Sociales _93502 |
|
| 830 | 0 |
_aAriel _v79 _933302 |
|
| 049 | _aBNGR | ||
| 999 |
_c21255 _d21255 |
||